00491nam a2200181Ia 450000500170000000800410001702000180005804100120007608200150008810000220010324500560012525000120018126000380019330000160023165000190024765000180026665000250028420260429112314.0260429s9999||||xx |||||||||||||| ||und|| a9780071467605 aEnglish a628.1bALL aAlley, E. Roberts 0aWater quality control handbook / cE. Roberts Alley a2nd ed. aNew York : bMc Graw Hill,c2007. aix, pv.; hb a Water quality a Water supply aSanitary engineering